000 01111nam a2200241 a 4500
001 63404
003 BD-RjUL
005 20211209081208.0
008 170130s1968 bg a|||| |||| 00| 0 ben d
020 _c: Tk. 5.00
035 _a(BD-RjUL)63533
040 _aBD-RjUL
_bben
_cBD-RjUL
041 _aben
082 _223
_a891.4409
_bKHM 1968
100 _aখান, মৌলভী আবদুল লতীফ
_9188654
245 1 0 _aমুসলিম বাঙ্গলা :
_bআমার যুগে /
_cমৌলভী আবদুল লতীফ খান ; আবু জাফর শামসুদ্দীন অনূদিত
260 _aঢাকা :
_bবাংলা একাডেমী,
_c১৯৬৮
300 _a[২৫], ১৩৭ পৃ. :
_bচিত্র ;
_c২৩ সেমি.
650 _aবাংলা সাহিত্য
_xইতিহাস ও সমালোচনা
_9179529
650 _aBengali Literature
_xHistory and Criticism
_9188646
700 _aশামসুদ্দীন, আবু জাফর, অনুবাদক
_9188655
942 _2ddc
_cBK
999 _c63404
_d63404